000 nam a22 a 4500
999 _c4095
_d4095
003 AKMAL
005 20170525110036.0
008 170525s1988 my 00 may d
020 _a9679781852
040 _aAKMAL
_cAKMAL
082 0 4 _a923.2 BAB
090 _a923.2
_bBAB
100 _aGhafar Baba,
_cTun,
_d1925-
_98016
245 1 _aPendamai :
_bantara cabaran dan pergolakan /
_cGhabar Baba
260 _aPetaling Jaya :
_bPelanduk Publications,
_c1988
300 _axii, 308ms. ;
_c22cm
650 _aSpeeches, addresses, etc.
_954
942 _2ddc
_cBOOK